000 00499nam a2200181Ia 4500
005 20250326125108.0
008 250326s9999 xx 000 0 und d
037 _aTextbook
040 _aFMSL
_beng
_cFMSL
041 _aeng
_2eng
084 _aX:95 K7
_qFMSL
100 _aSeth M L
_9230103
245 0 _aIntroducation to keynesian economics
_cSeth M L
260 _aAgra
_bAgra, Lakshmi Narain Agarwal
_c1967
300 _a352p
942 _cTB
_hX:95 K7
999 _c1276524
_d1276524